00477nam a2200181 a 4500001001300000003000900013005001700022008004100039020002300080082001800103100002700121245002200148260004200170300000900212500003500221650001200256700002700268nice12345678IN_TiNIC20260116014630.0070320s2004 newa grp 000 0 eng  a8177559613 c62500a294.5921bTAT aTattvabhusan, Sitanath aThe Brahma Sutras aNew Delhi bCosmo Publications c2004 a438p aincludes index and biblioraphy aVedanta1 aTattvabhusan, Sitanath